书目信息 |
| 题名: |
新编会计入门基本知识
|
|
| 作者: | 高峰 编著 | |
| 分册: | ||
| 出版信息: | 北京 蓝天出版社 2005.4 |
|
| 页数: | 243页 | |
| 开本: | 21cm | |
| 丛书名: | 最新会计入门超短培训丛书 | |
| 单 册: | ||
| 中图分类: | F230 | |
| 科图分类: | ||
| 主题词: | 会计学--kuai ji xue | |
| 电子资源: | ||
| ISBN: | 7-80158-495-3 | |
| 000 | 00854nam0 2200241 45 | |
| 001 | 012006000794 | |
| 005 | 20061115101326.15 | |
| 010 | @a7-80158-495-3@dCNY16.60 | |
| 100 | @a20060711e20062005em y0chiy0121 ea | |
| 101 | 0 | @achi |
| 102 | @aCN@b110000 | |
| 105 | @ak z 000yy | |
| 200 | 1 | @a新编会计入门基本知识@Axin bian kuai ji ru men ji ben zhi shi@f高峰编著 |
| 210 | @a北京@c蓝天出版社@d2005.4@h2006.1重印 | |
| 215 | @a243页@d21cm | |
| 225 | 2 | @a最新会计入门超短培训丛书@Azui xin kuai ji ru men chao duan pei xun cong shu@v2 |
| 330 | @a本书对各类会计凭证、登记各类账目知识和需要知道的税务基本知识、银行结算基本知识、工商基本知识作了通俗易懂的介绍。 | |
| 410 | 0 | @12001 @a最新会计入门超短培训丛书@v2 |
| 606 | 0 | @a会计学@Akuai ji xue |
| 690 | @aF230@v4 | |
| 701 | 0 | @a高峰@Agao feng@4编著 |
| 801 | 0 | @aCN@c20061115 |
| 905 | @a10447@dF230@eG122 | |
| 新编会计入门基本知识/高峰编著.-北京:蓝天出版社,2005.4(2006.1重印) |
| 243页;21cm.-(最新会计入门超短培训丛书;2) |
| ISBN 7-80158-495-3:CNY16.60 |
| 本书对各类会计凭证、登记各类账目知识和需要知道的税务基本知识、银行结算基本知识、工商基本知识作了通俗易懂的介绍。 |
| ● |
| 相关链接 |
|
|
|
正题名:新编会计入门基本知识
索取号:F230/G122
 
预约/预借
| 序号 | 登录号 | 条形码 | 馆藏地/架位号 | 状态 | 备注 |
| 1 | 637328 | 206373280 | 社科二线422/422社科库 12排1列4层/ [索取号:F230/G122] | 在馆 | |
| 2 | 637329 | 206373299 | 社科二线422/422社科库 12排2列2层/ [索取号:F230/G122] | 在馆 | |
| 3 | 637330 | 206373306 | 社科库409/409社科库 74排4列5层/ [索取号:F230/G122] | 在馆 |